| 000 | 00681nam a2200205Ia 4500 | ||
|---|---|---|---|
| 003 | OSt | ||
| 005 | 20250901143032.0 | ||
| 008 | 220922b |||||||| |||| 00| 0 hin d | ||
| 037 | _cTextual | ||
| 040 |
_aARTS _cARTS _bhin |
||
| 041 |
_2hin _ahin |
||
| 084 |
_aO152,3:g M0 _qAL |
||
| 100 |
_aनत्थन सिंह _9819630 |
||
| 245 | 0 | _aपुनर्नवा पुनर्मूल्यांकन | |
| 246 | _aPunarnavā punarmūlyāankana | ||
| 260 |
_aदिल्ली _b विभूति प्रका0 _c1980 |
||
| 300 |
_a136पृ. _ccm. |
||
| 942 |
_hO152,3:g, M0 _cTB _2CC _n0 |
||
| 999 |
_c346464 _d346464 |
||